| 000 | 00352nam a22001337a 4500 | ||
|---|---|---|---|
| 020 | _a008027028-x | ||
| 040 | _cNust | ||
| 082 |
_a623.4 _bINT'E |
||
| 245 | _aInternational weapon developments | ||
| 250 | _a4th Edition | ||
| 260 |
_aNew York: _bBrassey's Publishers, _c1980. |
||
| 650 |
_aInternational weapon developments _9127249 |
||
| 942 |
_2ddc _cBK |
||
| 999 |
_c612445 _d612445 |
||